000 00723nam a2200241Ia 4500
003 GCL
005 20240530102801.0
008 140319s9999 xx 000 0 ara d
040 _aGCL /
_cGCL
082 0 4 _a323.11
_bج ب
100 0 _aجمال الدين سيد محمد
245 1 0 _aالبوسنة والهرسك /
_cجمال الدين سيد محمد
260 _a[S.N] :
_bدار سعاد الصباح ،
_c1992
300 _a291
650 0 4 _aتاريخ
650 0 4 _aالادب
650 0 4 _aالحضارة
650 0 4 _aاللغة العربية
650 0 4 _aالثقافة
650 0 4 _aالبوسنة والهرسك
650 0 4 _aالامبراطورية العثمانية
942 _2ddc
_cBK
999 _c34631
_d34631